| 000 | 00798cab a2200193 4500 | ||
|---|---|---|---|
| 001 | ##L133955 | ||
| 008 | 060623n2006 000 0 eng u | ||
| 035 | _a(Sirsi) u133955 | ||
| 041 | 0 | _aeng | |
| 100 | 1 | _aMcCormick, Helen | |
| 245 | 0 | 0 | _aSkanska enjoys a healthy May |
| 260 | _c2006 | ||
| 490 | 0 |
_aContract Journal _v434(6580) 21 June 2006, 24-25(2) |
|
| 520 | _aSkanska topped the new work winners league table in May 2006, with Balfour Beatty in second place. Also includes tables giving breakdown of work by sector and geographical area, pie graphs showing work by sector over past 12 months and in May, and bar chart illustrating total orders in last 12 months. | ||
| 590 | _aIKA040706 | ||
| 651 | 4 |
_aUnited Kingdom _y |
|
| 690 | _aBUILT ENVIRONMENT-CONSTRUCTION MARKET | ||
| 942 | _n0 | ||
| 999 |
_c77283 _d77283 |
||